Statistics for Countries in an Egg of the World Map

Click here to take the quiz!

General Stats

  • This quiz has been taken 47,619 times
  • The average score is 25 of 27

Answers on the Map

Answers color-coded by a green-red scale on the quiz's map according to % correct below.
 

Answer Stats

Country% Correct
Egypt
99%
Saudi Arabia
98%
Turkey
98%
Iran
97%
Iraq
96%
Israel
96%
Oman
96%
Yemen
96%
Greece
95%
Sudan
95%
United Arab Emirates
95%
Cyprus
94%
Jordan
94%
Libya
94%
Syria
94%
Qatar
93%
Somalia
93%
South Sudan
93%
Chad
91%
Ethiopia
91%
Lebanon
91%
Kuwait
90%
Eritrea
87%
Niger
86%
Bahrain
85%
Djibouti
85%
Central African Republic
81%

Score Distribution

Percentile by Number Answered

Percent of People with Each Score

Your Score History

You have not taken this quiz